Countries that start with A sorted by population - Statistics

General Stats
  • This quiz has been taken 45 times
  • The average score is 10 of 11
Answer Stats
World Rank Population Country % Correct
31 43,850,000 Argentina
98%
51 24,365,400 Australia
95%
95 8,773,686 Austria
95%
34 40,400,000 Algeria
93%
186 78,014 Andorra
93%
50 25,789,024 Angola
91%
185 86,295 Antigua And Barbuda
88%
136 2,986,500 Armenia
88%
137 2,886,026 Albania
86%
93 9,802,000 Azerbaijan
86%
47 27,657,145 Afghanistan
84%
No matching quizzes found
Score Distribution
Percent of People with Each Score
Percentile by Number Answered
Your Score History
You have not taken this quiz